000 00208 a2200109 4500
020 _a9780439696685
041 _aeng
100 _aAudrey Penn
245 _aA paket fullof kisses
942 _cBK
952 _71
999 _c19094
_d19094